Nakladanie s RA-odpadmi z JE A-1 so zameraním na pretavovanie kovových RAO a bezpečnostné rozbory pre nakladanie so zeminami
Saved in:
| Main Author: | |
|---|---|
| Format: | Book |
| Language: | Slovak |
| Published: |
Bratislava
STU FCHPT
2010
|
| Online Access: | View in OPAC |
| Tags: |
No Tags, Be the first to tag this record!
|
MARC
| LEADER | 00000nam a2200000 a 4500 | ||
|---|---|---|---|
| 005 | 20260127133930.0 | ||
| 008 | 110201 2010 xo 000 0 slo d | ||
| 035 | |a vtls010207936 | ||
| 039 | 9 | |y 201102011108 |z mschk03 | |
| 040 | |a STUSCHK1 |b slo |c STUSCHK1 |e AACR2 | ||
| 100 | 1 | |a Chnapko, Peter | |
| 245 | 1 | |a Nakladanie s RA-odpadmi z JE A-1 so zameraním na pretavovanie kovových RAO a bezpečnostné rozbory pre nakladanie so zeminami |c Peter Chnapko | |
| 260 | |a Bratislava |b STU FCHPT |c 2010 | ||
| 300 | |a 115 s. |b il. |c 30 cm | ||
| 500 | |a Dizertačná práca | ||
| 500 | |a Obháj.: 24.9. 2010 | ||
| 500 | |a Fakulta chemickej a potravinárskej technológie, Odd. environmentálneho inžinierstva | ||
| 500 | |a Odbor: chémia a technológia životného prostredia | ||
| 500 | |a Evidenčné číslo: FCHPT-3307-73774 | ||
| 910 | |a SCHK95 | ||
| 999 | |c 305 |d 305 | ||